[Event "NED-ch53"]
[Site "Rotterdam"]
[Date "1998.06.21"]
[Round "1"]
[White "Piket, Jeroen"]
[Black "Sosonko, Gennadi"]
[Result "1/2-1/2"]
[WhiteElo "2575"]
[BlackElo "2520"]
[Annotator "Ribli,Z"]
[PlyCount "84"]
[EventDate "1998.06.21"]
[EventType "tourn"]
[EventRounds "11"]
[EventCountry "NED"]
[EventCategory "12"]
[SourceTitle "CBM 066"]
[Source "ChessBase"]
[SourceDate "1998.09.30"]
[SourceVersion "1"]
[SourceVersionDate "1998.09.30"]
[SourceQuality "1"]

1. d4 Nf6 2. c4 e6 3. Nf3 d5 4. Nc3 Bb4 {Die sogenannte Ragozin-Variante ist
eine beliebte Waffe des GM Sosonko. Die Hauptidee des Schwarzen ist, den
Läufer auf c3 zu tauschen und starke Kontrolle über die weißen Felder zu
erlangen. Ribli.} 5. Bg5 O-O $6 {Dieser Zug gefällt mir nicht.  Meines
Erachtens wäre es besser, den Kampf im Zentrum fortzusetzen, z.B. 5...dxc4 
(Wiener-Variante) oder 5...h6, um den Läufer zu vertreiben. Die kurze Rochade
ist nur auf den ersten Blick ein natürlicher Zug, und als Überraschung nicht
schlecht, aber ich glaube, der Zeitverlust muß sich bemerkbar machen.} (5...
Nbd7) 6. e3 (6. cxd5 exd5 (6... Qxd5 $6 7. Bxf6 gxf6 8. e3 $14)) 6... c5 7.
cxd5 exd5 (7... Qxd5 8. Bxf6 gxf6 9. Qd2 Bxc3 10. bxc3 c4 11. a4 Bd7 12. Be2
Qa5 13. Qb2 Bxa4 14. Bxc4 Nd7 15. O-O Qb6 16. Qa2 Bc6 17. d5 exd5 18. Bxd5 Qc5
19. Rfd1 {1-0 Hergott,D-Levkovshy,A/Montreal op 1995 (34)}) 8. dxc5 {Weiß
schaftt dem Schwarzen einen isolierten Damenbauern, aber ich denke dafür ist
es noch zu früh.} (8. Rc1 Bg4 (8... c4) (8... Nbd7) 9. Be2 h6 10. Bxf6 Qxf6 11.
dxc5 Nc6 12. O-O Rad8 13. Qb3 Be6 14. Nd4 Bxc5 15. Nxe6 Qxe6 16. Bf3 Ne5 17.
Bxd5 Qg4 18. Qxb7 {1-0 Farago,I-Siregar,T/Wichern-op 1995 (26)}) (8. Be2 $5 $14
Nc6 (8... cxd4 $6 9. Qxd4 Nc6 10. Bxf6 $1 Nxd4 11. Bxd8 Nxf3+ (11... Nc2+ 12.
Kd2 Nxa1 13. Bc7 $16 {[%cal Rh1a1]}) 12. Bxf3 Rxd8 13. O-O-O Bxc3 14. bxc3 Be6
15. Rd4 Rac8 16. Kb2 $14 {[%csl Rd5] Der d5-Bauer ist eine dauerhafte Schwäche,
während der weiße c3-Bauer besser verteidigungsfähig ist.})) 8... Nbd7 (8... h6
9. Bh4 (9. Bxf6 Qxf6 10. Rc1) 9... Nbd7 10. Qc2 Nxc5 (10... Qa5) 11. a3 Bxc3+
12. Qxc3 Nce4 13. Qd4 Qb6 14. Qxb6 axb6 15. Bxf6 Nxf6 16. h3 Bf5 17. Be2 Rfc8
18. Nd4 {Sauter,A-Ludsteck,W/PF-op 1994/1-0 (54)}) (8... Bxc3+ 9. bxc3 Nbd7 10.
Qd4 $14 Qa5 11. Bxf6 Nxf6 12. Qb4) 9. Rc1 Qa5 (9... Nxc5 10. Qd4 Bxc3+ 11. Qxc3
Nce4 12. Bxf6 Qxf6 13. Qxf6 Nxf6 14. Bd3 Bd7 15. Nd4 Rfc8 16. Ke2 Kf8 17. f3 h5
18. h4 Ke7 19. Nf5+ Bxf5 20. Bxf5 Rc6 21. Rcd1 Rd8 {1/2-1/2 Ioseliani,
N-Chiburdanidze,M/WchW 1988 (41)}) 10. Nd2 (10. a3 $6 Bxc3+ 11. Rxc3 $2 Ne4 {
[%csl Re4][%cal Ga5e1,Re4c3]}) 10... Qxc5 (10... Bxc5 11. Nb3 $16 {[%csl Rd5]
[%cal Rb3a5,Rb3c5]}) (10... Nxc5 11. Bxf6 $16 {[%csl Rd5]}) 11. a3 (11. Be2 $5
d4 {[%cal Rc5g5]} (11... Ne4 $4 12. Ncxe4 $18 {[%cal Rc1c5]}) 12. Bxf6 Nxf6 (
12... dxc3 13. Bxc3 $16) (12... dxe3 13. Nb3 exf2+ (13... Qf5 {[%cal Rf5f2,
Rf5f6]} 14. Bh4 $18) 14. Kf1 $18) 13. Nb3 dxc3 14. Nxc5 c2+ 15. Qd2 Bxd2+ 16.
Kxd2 $14) (11. Nb3 Qb6 12. Bd3 Ne4 13. Bxe4 dxe4 $11) 11... Bxc3 12. Rxc3 Qb6 {
Trotz des weißen Läuferpaares und der nachhaltigen Schwäche seines Bauern d5
hat Schwarz taktische Gegenchancen.} 13. Qb3 (13. b4 a5 $132) 13... Qa5 (13...
Qxb3 14. Rxb3 Nc5 15. Rb5 (15. Rb4 $14) (15. Rc3 Nfe4 $13 (15... Nce4 16. Bxf6
Nxf6 17. Nf3 $14 {[%csl Yd4,Rd5][%cal Gf3d4]})) 15... b6 16. Bxf6 gxf6 17. b4
$16) 14. Qb5 {Normalerweise ist es gegen den isolierten Damenbauern
vorteilhaft, die Damen zu tauschen.} (14. Qc2 d4 {[%cal Ra5g5,Rd4c3]} 15. Bxf6
dxc3 16. Bxc3 Qg5 $15) 14... Qxb5 15. Bxb5 a6 16. Bd3 $6 (16. Be2 $14) 16...
Ne5 $1 {Schwarz hat keine Angst vor den Doppelbauern. Dieser Zug ist seine
einzige Gegenchance, sonst er bleibt in passiver Stellung.} 17. Bxf6 gxf6 18.
Ke2 (18. Bc2 $14) (18. Be2 $14) 18... Bg4+ 19. f3 Bh5 {Schwarz möchte 20...Bg6
ziehen und sich von seinem Laufer befreien.} 20. Rhc1 (20. Rc7 $5 {[%csl Gc7]}
Rab8 21. Rhc1) (20. Nb3 {[%csl Yd4][%cal Gb3d4] Es wäre logisch, das Feld d4
mit dem Springer zu besetzen, aber Schwarz kann in diesem Fall mit seinem
Springer nach c4 kommen.} Bg6 21. Bxg6 hxg6 22. Nd4 Nc4 {[%csl Gc4]}) 20... Bg6
21. Bb1 (21. Bxg6 hxg6) 21... Rfe8 $1 {[%cal Ge8e2]} 22. Rc7 b5 {[%csl Yc4]
[%cal Ge5c4]} 23. b3 {Weiß verhindert das Eindringen des schwarzen Springers.}
Rad8 24. h3 d4 $13 {[%csl Re2]} 25. e4 f5 26. Kd1 (26. exf5 {[%cal Ge8e2]} d3+
{Unglaublich, aber es gibt keinen guten Springerabzug.} (26... Nd3+ $2 27. Kxd3
Re3+ 28. Kc2 $18) 27. Kd1 Bxf5 {und mit Zugumstellung haben wir die
Partiefortsetzung.}) 26... d3 {[%csl Rb1,Gd3]} 27. exf5 Bxf5 {[%csl Ge5,Gf5]
Die weißen Leichtfiguren stehen passiv, aber Schwarz hat keine konkreten
Drohungen.} 28. R1c5 {[%cal Gc5f5] Im Gegensatz zu den Leichtfiguren stehen
die weißen Türme sehr aktiv.} Bg6 29. Ra7 Rd6 30. f4 {Weiß gewinnt zwei
Leichtfiguren für den Turm, aber das schwarze Turmpaar bleibt aktiv.} Nd7 31.
Rxd7 (31. Rcc7 Nf6 $15 {[%cal Rf6d5,Rd5e3]}) 31... Rxd7 32. f5 {[%csl Rg6]}
Bh5+ 33. g4 {[%csl Rh5]} Re3 (33... Rde7 {[%cal Re8e1]} 34. Bxd3 $16) 34. f6 $5
{[%csl Rg8][%cal Rc5c8,Rc8g8] Zwischenzug. Es droht Grundreihenmatt und der
schwarze Läufer kann sich nicht retten.} (34. gxh5 Rde7 {[%cal Re7e1]} (34...
Kg7 {[%csl Gg7]})) 34... Bxg4+ 35. hxg4 h6 {[%csl Rb1,Gd1,Rd2,Gd3,Ge3] Schwarz
hat Turm und Bauer gegen Läufer und Springer. das weiße Hauptproblem ist die
passive Aufstellung seiner Leichtfiguren.} 36. Rf5 Rg3 {[%csl Rg4][%cal Rg3g1,
Rg1b1,Rg3g4]} 37. Rf2 (37. Rf3 Rg1+ 38. Nf1 $11) 37... Rxg4 $11 38. Nf1 Rd6 {
[%csl Rf6]} 39. Kd2 Rg6 40. Ne3 Rdxf6 41. Nf5 {[%cal Rf5e7,Re7g8,Re7g6] Der
weiße Springer steht aktiv, schränkt die Beweglichkeit der schwarzen Figuren
ein.} Kf8 42. Bxd3 h5 {und in etwa gleicher Stellung wurde Remis vereinbart.} (
42... h5 43. Ke3 Rg1 {[%csl Ra3,Rb3,Gg1]} 44. Rc2 Ke8 $11) 1/2-1/2

[Event "NED-ch53"]
[Site "Rotterdam"]
[Date "1998.07.02"]
[Round "10"]
[White "Sokolov, Ivan"]
[Black "Sosonko, Gennadi"]
[Result "1-0"]
[WhiteElo "2625"]
[BlackElo "2520"]
[Annotator "Ribli,Z"]
[PlyCount "83"]
[EventDate "1998.06.21"]
[EventType "tourn"]
[EventRounds "11"]
[EventCountry "NED"]
[EventCategory "12"]
[SourceTitle "CBM 066"]
[Source "ChessBase"]
[SourceDate "1998.09.30"]
[SourceVersion "1"]
[SourceVersionDate "1998.09.30"]
[SourceQuality "1"]

1. d4 Nf6 2. c4 e6 3. Nf3 d5 4. Nc3 Bb4 5. Bg5 c5 {Neun Runden zuvor rochierte
Sosonko in dieser Stellung gegen Piket. Die Partiefortsetzung nimmt sofort den
Kampf im Zentrum auf. Üblicher ist die Variante 5...h6. Ribli.} 6. cxd5 exd5 7.
e3 h6 (7... Nbd7 8. Bd3 Qa5 9. Qc2 c4 10. Bf5 O-O 11. O-O Re8 {Das ist eine
Grundstellung der Ragozin-Variante. Schwarz gibt seinen Läufer in vielen
Varianten auf c3, um e4 zu kontrollieren.}) 8. Bh4 g5 {Diesen
außergewöhnlichen Zug hat Sosonko schon 1981 gegen Kasparov ausprobiert. Die
zweifelhafte Fortsetzung schwächt die schwarze Stellung, sichert aber
andererseits die Kontrolle über das wichtige Zentrumsfeld e4.} 9. Bg3 Ne4 10.
Bb5+ (10. Nd2 Nxc3 $5 (10... Nxg3 11. hxg3 cxd4 12. exd4 Nc6 13. Bb5 Kf8 $11 {
[%cal Gf8g7]})) 10... Kf8 (10... Bd7 11. Bxd7+ Nxd7 12. O-O (12. Rc1 c4 13. Nd2
Nxd2 14. Qxd2 Qa5 15. O-O O-O 16. f4 Bxc3 17. bxc3 Nf6 18. fxg5 Ne4 19. Qb2
hxg5 20. Qxb7 Nxc3 21. Kh1 Ne4 22. Be5 Rad8 23. Bf6 Rb8 24. Qd7 Qd2 25. Qxd5
Qxe3 26. Bxg5 Nxg5 27. Rce1 Qd2 28. Rd1 Qe3 29. Rde1 Qd2 30. Rd1 Qe3 {1/2-1/2
Pedersen,F-Kupreichik,V/Aarhus op 1997}) (12. dxc5 Nxc3 13. Qd4 Nxa2+ 14. Ke2
O-O 15. Bd6 Bxc5 16. Bxc5 Nxc5 17. Qxc5 Rc8 {~/= Bangiev,A-Foigel,I/USSR 1982})
12... Bxc3 13. bxc3 c4 14. Qc2 O-O 15. Rab1 Qc8 16. Rb5 Qc6 17. Rfb1 b6 18. a4
{1-0 Matulovic,M-Sofrevski,J/JUG-ch 1959 (33)}) 11. O-O $5 $146 {Das ist die
Abweichung von der alten Partie gegen Kasparov.} (11. dxc5 Nxc3 12. bxc3 Bxc3+
13. Ke2 Bxa1 14. Qxa1 f6 15. h4 g4 (15... Kg7 $1 $13) 16. Nd4 Kf7 17. Bd3 Nd7
18. Qc3 Ne5 19. Nb5 Qe7 20. Nd6+ Kf8 21. Rd1 {1-0 Kasparov,G-Sosonko,G/Tilburg
1981 (28)}) 11... Bxc3 (11... Nxc3 $2 12. bxc3 Bxc3 13. Rc1 $16 {[%csl Rf8]
[%cal Gc1c8]}) 12. bxc3 c4 {[%csl Rb5] Es ist für Schwarz notwendig, die
Stellung geschlossen zu halten, denn der Gegner besitzt das Läuferpaar. Auch
der Läufer b5 steht jetzt verdächtig.} (12... Nxc3 13. Qc2 Nxb5 14. Qxc5+ $14 {
[%csl Gg3][%cal Rc5f8,Rc5b5] Es macht sich das Fehlen des schwarzfeldrigen
Läufers bemerkbar.}) 13. Ne5 {Dieser aggressive Angriffzug ist quasi erzwungen,
sonst beendet Schwarz seine Entwicklung und verbleibt in fester Stellung.} (13.
Qc2 Qa5 14. Bxb8 (14. a4 Nxg3 15. hxg3 a6 {[%csl Rb5]}) 14... Qxb5 (14... Rxb8
15. Bxc4 $14 {[%csl Re4][%cal Gc2e4]}) 15. Be5 f6) 13... Nxc3 {[%cal Rc3d1,
Rc3b5]} (13... a6 14. Qh5 Qf6 (14... Qe7 15. f4 $40) 15. f4 $40 {[%cal Gf1f8]})
14. Qh5 {[%csl Ge5,Rf8,Gh5][%cal Rh5f7]} Qf6 (14... Be6 15. f4 $40 {[%cal
Gf1f8]} Nxb5 16. f5 $16) (14... Qe7 15. f4 g4 16. Bh4 Qc7 (16... Qe6 17. f5 $18
) 17. Bd8 $18) 15. f4 $1 {Weiß mobilisiert alle seine Reserven.} g4 16. f5 $13
(16. Bh4 $2 Qf5 17. Qxf5 Bxf5 $19 {[%csl Rb5]}) 16... Ne2+ (16... Nxb5 17. Ng6+
$5 {[%csl Gf1,Gf5,Rf6,Rf8,Gg3,Gg6,Gh5,Rh8][%cal Rg6f8,Rg6h8]} (17. Bh4 Qg7 18.
Ng6+ (18. f6 Qh7 $19) 18... Ke8 19. Nxh8 Qxh8 $17) 17... Kg8 18. Be5 fxg6 19.
fxg6 Qe7 20. g7 $16) 17. Kh1 Nxg3+ 18. hxg3 Rg8 {Die weiße Drohung war 19.Ng6
mit Qualitätsgewinn. Schwarz besitzt jetzt zwar einen Mehrbauern, aber Weiß
hat gute Angriffschancen.} 19. Ng6+ $5 (19. Nxg4 Qg5 20. Qxg5 (20. Qxh6+ Qxh6+
21. Nxh6 Rh8 $19 {[%csl Rh1,Rh6][%cal Rh8h1]}) 20... Rxg5 $17 {[%cal Rg5g2]})
19... Kg7 20. Ne7 {Ein geistreicher Springerzug. Ich bin allerdings nicht
überzeugt, ob der weiße Angriff ausreichend ist.} Rd8 (20... Qxe7 $2 21. f6+
$18 {[%cal Rf6g7,Rf6e7]}) 21. Rf4 {[%csl Gf4][%cal Rf4g4,Rg4g7]} (21. Qxg4+ Kh7
22. Nxc8 Rxc8 $13 {[%csl Rb5]}) (21. e4 a6 $1 $15 (21... dxe4 22. Bxc4 (22.
Qxg4+ Kf8 $1) 22... Nc6 23. Qxg4+ Kf8 (23... Qg5 $5 24. f6+) 24. Nxc6 bxc6 25.
Rad1 Rxd4 26. Bxf7 $3 Rxd1 27. Qg8+ Ke7 28. Qe8+ Kd6 29. Rxd1+ $18)) 21... Kh7
22. Nxc8 (22. Rxg4 Qxe7 23. Rf1 $1 (23. f6 Qxf6 24. Rf4 Qg5) 23... Qf8 $1 (
23... Nc6 $2 24. Bxc6 bxc6 25. Rg7+ $1 Kxg7 26. f6+ Qxf6 27. Rxf6 Kxf6 28. Qh4+
) (23... Rg8 24. Rxg8 Kxg8 25. Qxh6) (23... Qf6) 24. Rg5 $1 {/\ f5-f6} Rd6 $8 (
24... f6 25. Qg6+ Kh8 26. Rh5) 25. f6 Kh8 $1 26. e4 $1 {/\ 27.e5} (26. Bxc4 $5
Nd7 $1 (26... dxc4 27. e4 {/\ 28.e5})) 26... dxe4 27. Bxc4 {>< f7, g6} Nd7 (
27... Be6 28. Rg7) 28. Rg7 Rxf6 29. Rxf6 Qxg7 30. Rxh6+ Kg8 31. Rg6 $18) 22...
Rxc8 23. e4 {Weiß hat keine andere Wahl, er muß vorankommen.} (23. Rxg4 a6 24.
Ba4 b5 25. Bc2 Nc6 $15) 23... dxe4 (23... Qxd4 $6 24. Qxf7+ {[%cal Rf7h7]}) 24.
Rxe4 Nc6 25. Qxg4 Nb4 $15 {[%csl Gb4,Rb5,Gc4,Yd5] Der weiße Angriff ist
vorüber und der b5-Läufer hat Probleme. Der schwarze Springer strebt nach d5,
um das gesamte Brett zu beherrschen.} 26. Qe2 Nd5 {[%csl Gd5][%cal Rd5c3,Rc3e2,
Rc3e4,Rc3b5]} 27. Qf3 a6 28. Ba4 b5 {Schwarz steht klar besser. Seine vom
Springer unterstützte Bauernmehrheit überzeugt.} 29. Bd1 {Das ist ein
bescheidener Platz für den Läufer.} (29. Bc2 Nb4 30. Bb1 Nc6 {[%csl Rd4]})
29... b4 30. Re5 Nc3 $17 {[%csl Gb4,Gc3,Gc4] Die schwarzen Bauern am
Damenflügel sind gefährlich, während Weiß kein Gegenspiel hat.} 31. Bc2 {
[%cal Gc2h7]} Rab8 32. Rae1 Nb5 (32... Nxa2 33. Re7 Nc3 34. R1e6 $13) 33. Qf4 (
33. Re6 $2 fxe6 34. fxe6+ Kg7 $19) 33... Rb6 (33... Rb7 $5) 34. Re7 Kg7 $5 (
34... Nxd4 35. Rxf7+ {[%cal Rf7f6,Rf7h7]} (35. Qxd4 Qxd4 36. f6+ Qd3 (36... Kg8
37. Re8+ Rxe8 38. Rxe8#) 37. Bxd3+ cxd3 38. Rxf7+ Kg6 $15) 35... Qxf7 36. f6+ {
[%csl Gc2,Ge1,Gf4,Gf6,Rh7][%cal Gc2h7]} Nxc2 (36... Kg8 37. Qg4+ $18 {[%cal
Rg4g8,Rg4c8]}) (36... Kh8 37. Qxh6+ Kg8 38. Re7 Nxc2 39. Rxf7 Kxf7 40. Qg7+ Ke6
41. Qg4+ $16) 37. Qf5+ Kh8 38. Qxc8+ Kh7 39. Re7 $16) 35. d5 Nd4 (35... Rd6 $5)
36. Qg4+ Kf8 37. Ba4 {[%csl Rf8][%cal Re1e8] Droht Matt auf e8.} Nb5 (37...
Rbb8) (37... Qxe7 38. Rxe7 Kxe7 39. f6+ {[%cal Rg4c8]} Kd8 40. Qd7#) 38. Rd7 c3
$4 {Dieses grobe Versehen in Zeitnot kostet die Partie.} (38... Nd6 39. Bc6 c3
$15) 39. Qxb4+ $16 {[%cal Rb4f8]} Kg7 40. Re6 {[%csl Gd7,Ge6,Rg7]} c2 (40...
Qxf5 41. Rxb6 Qxd7 42. Bxb5 axb5 43. Qd4+ Kh7 44. Qf4 $16 {[%csl Rh6]}) (40...
Rxe6 41. dxe6 $18 {[%cal Rd7g7]}) 41. Bxc2 $18 Qa1+ 42. Kh2 {Schwarz gab in
hoffnungsloser Stellung auf. Eine tragische Partie für Sosonko.} (42. Kh2 Rxe6
43. dxe6 $18 {[%csl Rg7][%cal Rd7g7]}) 1-0

[Event "Moscow Aeroflot op"]
[Site "Moscow"]
[Date "2002.02.09"]
[Round "8"]
[White "Izoria, Zviad"]
[Black "Zvjaginsev, Vadim"]
[Result "1-0"]
[WhiteElo "2547"]
[BlackElo "2656"]
[Annotator "Ribli,Z"]
[PlyCount "83"]
[EventDate "2002.02.04"]
[EventType "swiss"]
[EventRounds "9"]
[EventCountry "RUS"]
[SourceTitle "CBM 088"]
[Source "ChessBase"]
[SourceDate "2002.03.21"]
[SourceVersion "1"]
[SourceVersionDate "2002.03.21"]
[SourceQuality "1"]

1. Nf3 Nf6 2. c4 e6 3. d4 d5 4. Nc3 Bb4 {Das ist die sogenannte
Ragozin-Variante des Damengambits - ein spezieller Hybrid aus Damengambit und
Nimzoindischer Verteidigung.} 5. cxd5 {5.Bg5 wäre auch möglich, aber danach
müsste Weiß mit 5...dxc4 und Übergang zur Wiener Variante des Damengambits
rechnen.} exd5 6. Bg5 h6 (6... c5) 7. Bh4 c5 (7... g5 8. Bg3 Ne4 9. Nd2) 8. e3
c4 {Der Textzug verschafft Schwarz Raumgewinn am Damenflügel. Jetzt, da
Schwarz das Zentrum geschlossen hat, kann Weiß daran gehen, das Zentrum mit
e3-e4 zu sprengen.} (8... O-O 9. Bd3 (9. dxc5 Nbd7 10. Rc1 Qa5 11. Nd2 b6 12.
c6 d4 13. exd4 Re8+ 14. Be2 Ba6 15. cxd7 Nxd7 16. O-O Bxc3 17. Bxa6 Bxd2 18.
Rc7 Qxa6 19. Qxd2 Re2 20. Qd1 Nf8 21. d5 {1-0 Horvath,J-Zayac,E/Leeuwarden op
1993 (27)}) 9... c4 10. Bc2 Bg4 11. O-O Bxc3 12. bxc3 Nbd7 13. Qb1 Bxf3 14.
gxf3 $14 {1/2-1/2 Sherbakov,R-Aleksandrov,A/Sochi 1997/CBM 62/[Ribli] (57)}) 9.
Nd2 {Weiß verteidigt sich vorab gegen das mögliche Ne4. Die Alternative - der
natürliche Läuferzug 9.Be2 - kommt auch in Betracht.} (9. Be2 g5 10. Bg3 Ne4
11. Rc1 Qa5 12. O-O Bxc3 13. bxc3 Bf5 (13... Nc6) (13... O-O) 14. Ne5 $5 O-O
15. Bg4 Bh7 16. Bh3 $1 {1-0 Moiseenko,A-Aleksandrov,A/Kramatorsk 2001/CBM 86/
[Ribli] (40)}) 9... Bxc3 {Meiner Meinung nach ist dieser Zug nicht sehr
logisch - Schwarz nimmt auf c3 und gibt damit freiwillig sein Läuferpaar her.
Zudem stärkt er damit das gegnerische Bauernzentrum. Besser wäre hier der
Entwicklungszug 9...Be6.} (9... g5 10. Bg3 Bf5 11. Be5 Bxc3 12. bxc3 Nbd7 13.
Bd6 Qb6 14. Ba3 Qa6 15. Bb4 Qe6 16. a4 Ne4 {0-1 Gauglitz,G-Dizdar,G/Halle 1987/
CBM 05 (30)}) (9... Be6 $142 10. Be2 Nbd7 11. O-O O-O 12. f4 Nb6 13. Nf3 Bxc3
14. bxc3 Bg4 15. Ne5 Bxe2 16. Qxe2 Qd6 17. Bxf6 Qxf6 18. a4 {1/2-1/2 Gurieli,
N-Matveeva,S/Kishinev 1995/EXT 97 (51)}) 10. bxc3 Nc6 (10... O-O 11. Qc2 (11.
Be2 Bf5 12. g4 Bh7 13. Bg3 Nc6 14. h4 b5 15. g5 hxg5 16. hxg5 Ne4 17. Nxe4 Bxe4
18. f3 Qxg5 19. Kf2 Bg6 20. Bf4 Qf5 21. Rh4 f6 {0-1 Rashkovsky,N-Kupreichik,V/
Moscow 1983/EXT 2002 (44)}) 11... Bg4 12. f3 Bh5 13. Be2 Re8 14. Nf1 Nc6 15.
Qb2 Re6 16. g4 Bg6 17. Bg3 Qb6 18. Qa3 Bd3 {1/2-1/2 Shneider,A-Korzubov,P/
Vilnius 1984/MCD (30)}) 11. e4 $1 $14 {[%mdl 4] Aufgrund des Läuferpaares und
des starken Zentrums steht Weiß besser.} g5 (11... dxe4 $6 12. Bxc4 $16) 12.
Bg3 Qe7 (12... O-O 13. e5 $16) 13. e5 (13. Qe2 Nxe4 14. Nxe4 Qxe4 15. Qxe4+
dxe4 16. Bxc4 f5 $13) 13... Bf5 (13... Bg4 14. Be2 Bxe2 15. Qxe2 Nd7 16. O-O
$16) 14. Be2 (14. f3 Nh5 $13) 14... Ne4 15. Nxe4 Bxe4 {Schwarz konnte seine
Stellung mit den letzten Zügen etwas konsolidieren, aber das Läuferpaar und
der Raumvorteil garantieren Weiß leichten Vorteil.} 16. O-O O-O (16... O-O-O
17. f3 Bh7 18. f4 $16) 17. f3 Bh7 18. f4 f5 {[%csl Rh7] Nun ist der Bh7
abgeschlossen, aber Schwarz kam um den Zug 19.f5 auch nicht herum.} (18... Be4
19. f5 $16) 19. Qd2 {[%cal Gd2g5]} (19. Rb1 b6 20. Rb5 $14) 19... Kh8 20. Rab1
{[%cal Gb1b7] Weiß hat momentan keine konkreten Drohungen, daher verbessert er
zunächst die Stellung seiner Figuren.} Rad8 21. Rb5 b6 (21... a6 $2 22. Rb6 $16
{[%csl Gb6]}) 22. Bf2 {[%mdl 32] Weiß möchte 23.Be3 spielen und damit den Zug
g5-g4 provozieren. Danach könnte der Läufer auf h4 erscheinen. Schwarz hat
zwar eine feste Stellung, aber keinerlei Chancen auf Gegenspiel.} Rg8 23. Be3
Rg7 24. Bd1 {[%cal Gd1c2,Gc2f5] Schwarz hat viele Bauernschwächen - er muss
vorsichtig sein, denn die Bauern auf d5, f5und g5 sind die Angriffspunkte des
weißen Spiels.} Rd7 25. Bc2 g4 $8 {Schwarz muss so spielen, sonst verliert er
den Pf5.} 26. Bf2 Kg8 27. Qe1 {[%cal Gf2h4,Gh4e7] Weiß spielt ausgezeichnet.
Das ist eine gute Musterpartie für gelungenes positionelles Spiel.} Qe6 28. Bh4
$16 {[%csl Gh4][%cal Gh4f6] Der Läufer steht ausgezeichnet auf h4, von hier
aus kontrolliert er alle wichtigen schwarzen Felder am Königsflügel.} Rgf7 29.
Qb1 (29. Bf6 Rxf6 30. exf6 Qxf6 (30... Kf7 $14) 31. Qe8+ $18) 29... Bg6 30. Rb2
{Der Turm wurde auf b5 nicht mehr benötigt. Später - siehe unten, 38. Zug -
kann Weiß die Türme auf der zweiten Reihe verdoppeln.} Rb7 31. h3 $1 h5 {
Die ganze Partie über ist Weiß bemüht, die Stellung für sein Läuferpaar zu
öffnen - und Schwarz versucht genau das zu verhindern.} (31... gxh3 32. gxh3
$16 {Anschließend kann Weiß Kh2 spielen und die Türme auf der g-Linie
verdoppeln - mit klarem Vorteil.}) 32. Kf2 Rh7 33. Rh1 {[%cal Gh1h7]} Rbf7 34.
g3 Rf8 35. Ke3 {[%csl Ge3] Interessant: es sind praktisch noch alle Figuren
auf dem Brett, und doch steht der weiße König ausgezeichnet auf e3.} Rff7 36.
Ba4 {[%csl Ga4,Gh4] Die Mitte des Schachbretts ist geschlossen - daher
aktiviert Weiß seine Läufer auf h4 und a4.} Rf8 37. Bg5 Rff7 38. Rbh2 {[%cal
Gh1h7]} Rb7 39. hxg4 $1 {Das ist der richtige Moment - Schwarz befindet sich
in großer Not.} fxg4 (39... hxg4 40. Rxh7 Rxh7 41. Rxh7 Kxh7 (41... Bxh7 42.
Qb5 Nb8 43. Bd8 {[%csl Rb8][%cal Rd8c7,Rc7b8]} Qf7 44. Kf2 Bg6 45. Bxb6 axb6
46. Qxb6 $18 {[%csl Rb8]}) 42. Qh1+ Kg8 43. Bf6 Kf7 44. Qh8 $18) 40. Bc2 {
[%cal Rf4f5]} Bxc2 41. Qxc2 Qe8 42. Qf5 $18 {Die weiße Drohung ist 43.Bf6,
danach ist der Ph5 nicht mehr zu verteidigen.} 1-0